000 00677nam a2200277Ia 4500
005 20260324112848.0
008 008 260324s9999 xx 000 0 eng d
020 _a9781003377429
037 _aEBOOK
040 _aCRL
040 _beng
040 _cCRL
041 _2eng
041 _aeng
084 _qCRL
100 _aPeter Carr; Andy Ash
_91144443
245 2 _aA Practical Guide to Teaching Art and Design in the Secondary School
260 _bTaylor and Francis
260 _c2024
365 _a
365 _b230
856 _uhttp://www.taylorfrancis.com/books/9781003377429
942 _cEBOOK
999 _c1733818
_d1733818